|
|
|
|
| LEADER |
00000nam a2200000 a 4500 |
| 001 |
UCP6116 |
| 003 |
CL-VaPUC |
| 008 |
991008e19990000CL |||||||||||||||||spa|d |
| 082 |
0 |
4 |
|a 305.4
|b VAL
|2 21
|
| 100 |
0 |
|
|a Valdés S., Ximena
|e author
|9 434968
|
| 700 |
0 |
|
|a Araujo K., Kathya
|e author
|9 434969
|
| 245 |
1 |
0 |
|a Vida privada: modernización agraria y modernidad
|
| 300 |
|
|
|a 301 p
|
| 942 |
|
|
|c BK
|
| 945 |
|
|
|d 19991008 00:00:00
|a vberengu
|
| 260 |
|
|
|a Santiago
|b Cedem
|c 1999
|
| 650 |
|
7 |
|a MODERNIZACION
|2 CL-VaPUC
|9 335311
|
| 650 |
|
0 |
|a Mujeres
|9 257649
|
| 650 |
|
7 |
|a OCUPACIONES
|2 CL-VaPUC
|9 340942
|
| 650 |
|
0 |
|a Mujeres trabajadoras
|9 259236
|
| 650 |
|
0 |
|a Vida familiar
|9 308049
|
| 583 |
|
|
|a last modification
|c 19991008 00:00:00
|k Rodrigo Vera
|
| 999 |
|
|
|c 283737
|d 283735
|
| 952 |
|
|
|0 0
|1 0
|4 0
|6 305_400000000000000_VAL_1999
|7 0
|8 A
|9 327155
|a BIBGIM
|b BIBGIM
|d 2019-11-20
|i 3560740
|o 305.4 VAL 1999
|p 3560740
|r 2025-01-15
|w 2019-11-20
|y BK
|k SSL
|
| 952 |
|
|
|0 0
|1 0
|4 0
|6 305_400000000000000_VAL_1999
|7 0
|8 A
|9 327156
|a BIBGIM
|b BIBGIM
|d 2019-11-20
|i 3754618
|o 305.4 VAL 1999
|p 3754618
|r 2025-01-15
|w 2019-11-20
|y BK
|k SSL
|